Northern Georgia sketches /

Bibliographic Details
Main Author: Harben, Will N. (Will Nathaniel), 1858-1919
Format: Book
Language:English
Published: Chicago : A. C. McClurg, 1900.

MARC

Tag First Indicator Second Indicator Subfields
LEADER 00000cam a2200000 4500
001 in00000022514
005 20151007064027.0
008 741016r1900 ilu 00011 eng u
010 |a  00005722  
035 |a (OCoLC)01042757 
035 |9 AAD8868AM 
040 |c TOL  |d TXA  |d UtOrBLW 
049 |a TXAM  |c [365898] 
050 0 0 |a PZ3.H213  |b Nor 
090 |a PS1786  |b N67 1900 
092 |a 813  |b H255m 
100 1 |a Harben, Will N.  |q (Will Nathaniel),  |d 1858-1919. 
245 1 0 |a Northern Georgia sketches /  |c by Will N. Harben. 
264 1 |a Chicago :  |b A. C. McClurg,  |c 1900. 
300 |a 305 pages ;  |c 18 cm. 
336 |a text  |b txt  |2 rdacontent 
337 |a unmediated  |b n  |2 rdamedia 
338 |a volume  |b nc  |2 rdacarrier 
500 |a Originally appeared in the Century magazine, Lippincott's magazine, and other periodicals. 
505 0 |a A humble abolitionist.--The whipping of Uncle Henry.--A filial impulse.--The sale of Uncle Rastus--The convict's return.--A rural visitor.--Jim Trundle's crisis.--The courage of Ericson.--The heresy of Abner Calihan.--The tender link. 
999 |a MARS 
999 f f |s ffa9b8f9-8620-343d-b01d-93e0c3e46d9b  |i c209f715-0678-374d-ba9e-a3d32491653c  |t 0 
952 f f |p ric  |a Texas A&M University  |b Rellis Campus  |c Joint Library Facility  |d Remote Storage  |t 0  |e PS1786 N67 1900  |h Library of Congress classification  |i unmediated -- volume  |m A14801239502 
998 f f |a PS1786 N67 1900  |t 0  |l Remote Storage